000 00844cam a2200241 4500
001 ABS61365
008 000000n1999 000 0 eng u
035 _a(Sirsi) u100554
100 _aFisher, P.
245 4 _aThe commercial property development process
260 _c1999
490 _aProperty Management
_v(17(3) 1999, 219-230(7)
520 _aLooks at commercial development, and argues that rational project planning is not well advanced, and that software for development is also lacking. Includes two case studies from Newcastle upon Tyne and Cape Town. References.
590 _aABS
650 _aPROPERTY DEVELOPMENT
650 _aCAPE TOWN
650 _aNEWCASTLE UPON TYNE
650 _aDEVELOPMENT PROCESS
650 _aMODELS
690 _aPROPERTY-PROPERTY DEVELOPMENT
700 _aCollins, T.
942 _n0
999 _c60152
_d60152